Problems in deep seismic sounding /

Bibliographic Details
Corporate Author: Institut fiziki Zemli im. O.I͡U. Shmidta
Other Authors: Zverev, S. M. (Sergeĭ Mitrofanovich)
Format: Book
Language:English
Russian
Published: New York : Consultants Bureau, 1967.
Subjects:

MARC

Tag First Indicator Second Indicator Subfields
LEADER 00000cam a2200000 4500
001 in00000041231
005 20151007072512.0
008 730201s1967 nyua b 00000 eng u
010 |a  65026627  
035 |a (OCoLC)00550735 
035 |9 AAE7992AM 
040 |c WSU  |d TXA  |d UtOrBLW 
041 1 |a eng  |a rus 
049 |a TXAM  |c [468381] 
050 0 |a QE539  |b .A5813 
092 |a 551.22  |b A3131p, 1967 
110 2 |a Institut fiziki Zemli im. O.I͡U. Shmidta. 
245 1 0 |a Problems in deep seismic sounding /  |c Edited by S. M. Zverev. With a foreword by John S. Steinhart and T. Jefferson Smith. Translated from Russian; Translation editor: T. Jefferson Smith. 
264 1 |a New York :  |b Consultants Bureau,  |c 1967. 
300 |a xix, 166 pages :  |b illustrations ;  |c 28 cm. 
336 |a text  |b txt  |2 rdacontent 
337 |a unmediated  |b n  |2 rdamedia 
338 |a volume  |b nc  |2 rdacarrier 
500 |a "A Special Research report." 
500 |a Translation of Voprosy metodiki glubinnogo seismicheskogo zondirovaniia (romanized form) 
504 |a Includes bibliographies. 
650 0 |a Seismology. 
700 1 |a Zverev, S. M.  |q (Sergeĭ Mitrofanovich) 
999 |a MARS 
999 f f |s 806a9095-aed5-389b-b524-5324b9f97ac0  |i b3f05ecb-735e-37ab-a518-036f5414e8f3  |t 0 
952 f f |p ric  |a Texas A&M University  |b Rellis Campus  |c Joint Library Facility  |d Remote Storage  |t 0  |e QE539 .A5813  |h Library of Congress classification  |i unmediated -- volume  |m A14800950951 
998 f f |a QE539 .A5813  |t 0  |l Remote Storage